[Event "CHN-chB (Women)"]
[Site "Qiziwan"]
[Date "2023.02.04"]
[Round "11"]
[White "Xia, Fanchen"]
[Black "Gao, Hanxue"]
[Result "0-1"]
[WhiteElo "1113"]
[BlackElo "1764"]
[PlyCount "100"]
[EventDate "2023.01.30"]
[EventType "swiss"]
[EventRounds "11"]
[EventCountry "CHN"]
[SourceTitle "CBM 212 Extra"]
[Source "ChessBase"]
[SourceDate "2023.03.31"]
[SourceVersion "1"]
[SourceVersionDate "2023.03.31"]
[SourceQuality "1"]

1. e4 d5 2. exd5 Nf6 3. d4 Nxd5 4. c4 Nb6 5. Nf3 g6 6. Nc3 Bg7 7. Be2 c5 8. d5 0-0 9. Be3 Na6 10. Qd2 e5 11. h4 f5 12. Bh6 e4 13. Bxg7 Kxg7 14. Ng1 Qf6 15. 0-0-0 Bd7 16. h5 Rh8 17. g4 Na4 18. g5 Qd6 19. Nxa4 Bxa4 20. Qc3+ Kg8 21. b3 Bd7 22. h6 Qf8 23. f3 Re8 24. fxe4 fxe4 25. Rf1 Qe7 26. Qe3 Qe5 27. Kb1 Bf5 28. Rd1 Kf7 29. Rh4 Nb4 30. Rf4 Nd3 31. Bxd3 exd3 32. Qd2 a5 33. a3 Re7 34. Rff1 Rf8 35. Ka2 b6 36. Qxd3 Ke8 37. Qd2 Kd7 38. Rfe1 Be4 39. Re2 Qg3 40. Qb2 Kd6 41. Rde1 Rf4 42. Qh8 Kc7 43. d6+ Kxd6 44. Qb8+ Kd7 45. Rd2+ Ke6 46. Rd6+ Kf5 47. Qc8+ Kxg5 48. Nh3+ Kxh6 49. Nxf4 Qxe1 50. Qh3+ Kg7 0-1

[Event "CHN-chB (Women)"]
[Site "Qiziwan"]
[Date "2023.01.31"]
[Round "3"]
[White "Liu, Manli"]
[Black "Gao, Hanxue"]
[Result "1-0"]
[WhiteElo "2192"]
[BlackElo "1764"]
[PlyCount "89"]
[EventDate "2023.01.30"]
[EventType "swiss"]
[EventRounds "11"]
[EventCountry "CHN"]
[SourceTitle "CBM 212 Extra"]
[Source "ChessBase"]
[SourceDate "2023.03.31"]
[SourceVersion "1"]
[SourceVersionDate "2023.03.31"]
[SourceQuality "1"]

1. e4 d5 2. exd5 Nf6 3. d4 Nxd5 4. Nf3 g6 5. Be2 Bg7 6. 0-0 0-0 7. h3 Nc6 8. Re1 Nb6 9. c3 e5 10. dxe5 Nxe5 11. Nxe5 Bxe5 12. Bd3 Bg7 13. Qf3 c6 14. Nd2 Be6 15. Ne4 Nd7 16. Qg3 b5 17. Bf4 Nf6 18. Qf3 Nd5 19. Bg3 f5 20. Nc5 Bf7 21. Ne6 Bxe6 22. Rxe6 f4 23. Bh2 Qd7 24. Re2 Rae8 25. Be4 Qf7 26. Rd1 Bh6 27. Rd4 Ne7 28. a4 Qa2 29. Kh1 bxa4 30. Bd3 Nd5 31. Bg1 Rxe2 32. Qxe2 a3 33. Qe6+ Kh8 34. bxa3 Qxa3 35. Qxc6 Ne7 36. Qe6 Qxc3 37. Rd7 Bg5 38. f3 Bf6 39. Be4 Qb4 40. Rxa7 Qe1 41. Rxe7 Bxe7 42. Qxe7 Rg8 43. Qf6+ Rg7 44. Qf8+ Rg8 45. Qxf4 1-0

[Event "Belt and Road Hunan op-C"]
[Site "Changsha"]
[Date "2019.08.01"]
[Round "6"]
[White "Teh, Wee Zhun"]
[Black "Gao, Hanxue"]
[Result "1/2-1/2"]
[WhiteElo "1893"]
[BlackElo "1726"]
[PlyCount "40"]
[EventDate "2019.07.29"]
[EventType "swiss"]
[EventRounds "9"]
[EventCountry "CHN"]
[SourceTitle "EXT 2020"]
[Source "ChessBase"]
[SourceDate "2019.10.17"]
[SourceVersion "1"]
[SourceVersionDate "2019.10.17"]
[SourceQuality "1"]

1. d4 d5 2. c4 c6 3. Nc3 Nf6 4. e3 e6 5. Nf3 Nbd7 6. Qc2 Bd6 7. g4 dxc4 8. Bxc4 c5 9. g5 Ng8 10. Bd2 Ne7 11. Ne4 Qc7 12. Nxd6+ Qxd6 13. 0-0-0 Qc6 14. e4 b5 15. d5 Qa6 16. Bf1 0-0 17. d6 Nc6 18. Kb1 Bb7 19. Rg1 Rac8 20. Rg3 Nb4 1/2-1/2

[Event "CHN-chTB"]
[Site "Harbin"]
[Date "2019.07.24"]
[Round "7.3"]
[White "Gao, Hanxue"]
[Black "Xu, Tong"]
[Result "0-1"]
[WhiteElo "1726"]
[BlackElo "2129"]
[PlyCount "126"]
[EventDate "2019.07.20"]
[EventType "team-swiss"]
[EventRounds "11"]
[EventCountry "CHN"]
[SourceTitle "CBM 191 Extra"]
[Source "ChessBase"]
[SourceDate "2019.09.30"]
[SourceVersion "1"]
[SourceVersionDate "2019.09.30"]
[SourceQuality "1"]
[WhiteTeam "Qingdao Chess Association"]
[BlackTeam "Shenzhen Ticai"]
[WhiteTeamCountry "CHN"]
[BlackTeamCountry "CHN"]

1. d4 Nf6 2. c4 g6 3. Nc3 Bg7 4. e4 d6 5. f3 Nbd7 6. Be3 e5 7. d5 a5 8. Nge2 b6 9. g4 h5 10. g5 Nh7 11. Rg1 Nc5 12. Qd2 Nf8 13. Nc1 Nfd7 14. Nd3 Nxd3+ 15. Bxd3 0-0 16. 0-0-0 Kh7 17. Qg2 a4 18. Nb5 Ba6 19. Kb1 Rg8 20. Rdf1 Bxb5 21. cxb5 Qe7 22. Rf2 Raf8 23. Bc2 a3 24. b4 Ra8 25. Bb3 f6 26. Rc2 Ra7 27. Rgc1 Nf8 28. Rc6 Qf7 29. Bd1 Bh8 30. R1c3 fxg5 31. Bxg5 Qd7 32. Qd2 Rg7 33. Qc1 Qh3 34. Bh6 Rf7 35. Bxf8 Rxf8 36. Rxc7+ Rf7 37. Rxf7+ Rxf7 38. Qd2 Qf1 39. Qe2 Qg1 40. Rxa3 Rc7 41. Rd3 Bg7 42. Rd2 Bh6 43. Rc2 Rxc2 44. Qxc2 Be3 45. a4 Qe1 46. Qb3 Qd2 47. Qc2 Qxb4+ 48. Ka2 Bc5 49. Qd3 Qe1 50. Qc2 h4 51. Qe2 Qg1 52. Bc2 Qc1 53. Bd1 Qa3+ 54. Kb1 Bd4 55. Qa2 Qb4+ 56. Qb3 Qe1 57. Qc2 Bc5 58. Qe2 Qg1 59. Ka2 h3 60. Bc2 Qg2 61. Qd3 Qxh2 62. f4 Qg2 63. Kb3 h2 0-1

[Event "CHN-chB (Women)"]
[Site "Hangzhou"]
[Date "2019.07.04"]
[Round "6"]
[White "Yuan, Ye"]
[Black "Gao, Hanxue"]
[Result "1-0"]
[WhiteElo "2125"]
[BlackElo "1726"]
[PlyCount "109"]
[EventDate "2019.07.02"]
[EventType "swiss"]
[EventRounds "11"]
[EventCountry "CHN"]
[SourceTitle "CBM 191 Extra"]
[Source "ChessBase"]
[SourceDate "2019.09.30"]
[SourceVersion "1"]
[SourceVersionDate "2019.09.30"]
[SourceQuality "1"]

1. d4 d5 2. c4 c6 3. Nf3 Nf6 4. e3 e6 5. b3 Bd6 6. Bd3 Nbd7 7. Bb2 0-0 8. Nbd2 c5 9. 0-0 Qc7 10. cxd5 exd5 11. dxc5 Bxc5 12. Rc1 Qd6 13. Nd4 Bxd4 14. Bxd4 b6 15. f4 Bb7 16. Qf3 Rac8 17. Rcd1 Nc5 18. Bf5 Rcd8 19. b4 Nce4 20. Nxe4 dxe4 21. Qe2 Qe7 22. Qb2 Ne8 23. Rc1 f6 24. a4 Nd6 25. Bg4 Bd5 26. Qe2 Qf7 27. Rfe1 Be6 28. a5 Bxg4 29. Qxg4 Nb5 30. Ba1 Qd7 31. Qe2 Qd3 32. Qa2+ Qd5 33. Qa4 Qh5 34. axb6 axb6 35. Be5 Qe8 36. Ba1 Ra8 37. Qb3+ Qf7 38. Qc2 Qe6 39. Qe2 Qe8 40. Red1 Rf7 41. Qc4 Kh8 42. Qd5 Nc7 43. Qd6 Qb8 44. Bd4 b5 45. Bb6 Ne8 46. Qc5 Kg8 47. Rd8 Qxd8 48. Bxd8 Rxd8 49. Qxb5 Nd6 50. Qd5 Kf8 51. b5 Rfd7 52. b6 Rb7 53. Rc6 Nf7 54. Qxe4 Rdb8 55. Rc7 1-0

[Event "Zibo zt 3.5 (Women)"]
[Site "Zibo"]
[Date "2017.08.14"]
[Round "11"]
[White "Ha, Yihan"]
[Black "Gao, Hanxue"]
[Result "1-0"]
[WhiteElo "1538"]
[BlackElo "1717"]
[PlyCount "25"]
[EventDate "2017.08.07"]
[EventType "swiss"]
[EventRounds "11"]
[EventCountry "CHN"]
[SourceTitle "CBM 179 Extra"]
[Source "ChessBase"]
[SourceDate "2017.08.23"]
[SourceVersion "1"]
[SourceVersionDate "2017.08.23"]
[SourceQuality "1"]

1. d4 d5 2. c4 dxc4 3. e3 Nf6 4. Bxc4 e6 5. Nc3 Be7 6. Nf3 0-0 7. 0-0 c5 8. dxc5 Bxc5 9. Qc2 Be7 10. b3 b6 11. Bb2 Bb7 12. Ng5 h6 13. Nd5 1-0

[Event "Zibo zt 3.5 (Women)"]
[Site "Zibo"]
[Date "2017.08.10"]
[Round "5"]
[White "Gao, Hanxue"]
[Black "Zhang, Jing B"]
[Result "1-0"]
[WhiteElo "1717"]
[BlackElo "1553"]
[PlyCount "79"]
[EventDate "2017.08.07"]
[EventType "swiss"]
[EventRounds "11"]
[EventCountry "CHN"]
[SourceTitle "CBM 179 Extra"]
[Source "ChessBase"]
[SourceDate "2017.08.23"]
[SourceVersion "1"]
[SourceVersionDate "2017.08.23"]
[SourceQuality "1"]

1. d4 d5 2. c4 c6 3. Nf3 Nf6 4. Nc3 e6 5. Bg5 Bd6 6. e3 0-0 7. Bd3 Nbd7 8. 0-0 h6 9. Bh4 b6 10. cxd5 cxd5 11. Nb5 Be7 12. Bg3 Bb7 13. Bc7 Qc8 14. Rc1 Ne4 15. Bxb6 Qb8 16. Bc7 Qc8 17. Nd2 Ndf6 18. Bxe4 Nxe4 19. Nxe4 dxe4 20. Nd6 Bxd6 21. Bxd6 Qd7 22. Bxf8 Rxf8 23. Qb3 Bd5 24. Qa3 f5 25. Rc2 f4 26. exf4 Rxf4 27. Qg3 Qf7 28. Rfc1 e3 29. fxe3 Rf6 30. Rc7 Qg6 31. Qxg6 Rxg6 32. R1c2 Bxa2 33. Rxa7 Bb3 34. Rf2 Rg4 35. Rb7 Bd5 36. Rc7 Re4 37. b4 Rxe3 38. Rff7 e5 39. Rxg7+ Kf8 40. Rgd7 1-0

[Event "Zibo zt 3.5 (Women)"]
[Site "Zibo"]
[Date "2017.08.09"]
[Round "4"]
[White "Cai, Youyang"]
[Black "Gao, Hanxue"]
[Result "1-0"]
[WhiteElo "1934"]
[BlackElo "1717"]
[PlyCount "77"]
[EventDate "2017.08.07"]
[EventType "swiss"]
[EventRounds "11"]
[EventCountry "CHN"]
[SourceTitle "CBM 179 Extra"]
[Source "ChessBase"]
[SourceDate "2017.08.23"]
[SourceVersion "1"]
[SourceVersionDate "2017.08.23"]
[SourceQuality "1"]

1. e4 c6 2. d4 d5 3. e5 Bf5 4. Bd3 Bxd3 5. Qxd3 e6 6. Ne2 Qa5+ 7. c3 Qa6 8. Qc2 c5 9. 0-0 Ne7 10. dxc5 Nec6 11. b4 Nxe5 12. Nd4 b5 13. Re1 Nbc6 14. a4 Nxd4 15. cxd4 Nc6 16. Qb2 Qb7 17. axb5 Qxb5 18. Bd2 a6 19. Na3 Qb7 20. b5 Rb8 21. Bf4 Rc8 22. Reb1 axb5 23. Nxb5 Qd7 24. Bd6 Be7 25. Bxe7 Kxe7 26. Qd2 Rhd8 27. Qf4 Kf8 28. Nd6 Rb8 29. h3 Qe7 30. Rxb8 Rxb8 31. Ra6 g5 32. Qg3 Nb4 33. Rb6 Rxb6 34. cxb6 Qd8 35. b7 Nc6 36. Nc8 e5 37. Qa3+ Kg7 38. Qc5 Nb8 39. Nd6 1-0

[Event "CHN-chB (Women)"]
[Site "Qinhuangdao"]
[Date "2017.07.20"]
[Round "9"]
[White "Zhang, Xiao"]
[Black "Gao, Hanxue"]
[Result "1-0"]
[WhiteElo "1954"]
[BlackElo "1715"]
[PlyCount "35"]
[EventDate "2017.07.16"]
[EventType "swiss"]
[EventRounds "11"]
[EventCountry "CHN"]
[SourceTitle "CBM 179 Extra"]
[Source "ChessBase"]
[SourceDate "2017.08.23"]
[SourceVersion "1"]
[SourceVersionDate "2017.08.23"]
[SourceQuality "1"]

1. d4 d5 2. c4 c6 3. Nf3 Nf6 4. cxd5 cxd5 5. Nc3 Nc6 6. Bf4 e6 7. e3 Bd6 8. Bg3 0-0 9. Bd3 Bxg3 10. hxg3 b6 11. Ne5 Bb7 12. Bxh7+ Kh8 13. Bg6+ Kg8 14. Bxf7+ Rxf7 15. Rh8+ Kxh8 16. Nxf7+ Kg8 17. Nxd8 Rxd8 18. g4 1-0

[Event "CHN-chB (Women)"]
[Site "Qinhuangdao"]
[Date "2017.07.19"]
[Round "8"]
[White "Gao, Hanxue"]
[Black "Hu, Yu A"]
[Result "1/2-1/2"]
[WhiteElo "1715"]
[BlackElo "2053"]
[PlyCount "60"]
[EventDate "2017.07.16"]
[EventType "swiss"]
[EventRounds "11"]
[EventCountry "CHN"]
[SourceTitle "CBM 179 Extra"]
[Source "ChessBase"]
[SourceDate "2017.08.23"]
[SourceVersion "1"]
[SourceVersionDate "2017.08.23"]
[SourceQuality "1"]

1. d4 Nf6 2. c4 c5 3. d5 e6 4. Nc3 exd5 5. cxd5 d6 6. e4 g6 7. Bc4 Bg7 8. Nge2 0-0 9. 0-0 a6 10. a4 Re8 11. f3 Nbd7 12. Be3 Rb8 13. a5 Ne5 14. b3 b5 15. axb6 Qxb6 16. Qd2 Qc7 17. Bh6 Nxc4 18. bxc4 Rb4 19. Bxg7 Kxg7 20. Qa2 Nd7 21. Rfc1 Ne5 22. Nd1 Bd7 23. Ne3 Nd3 24. Rc3 Ra4 25. Qb1 Rb8 26. Qd1 Nb2 27. Qc1 Qa5 28. Nc2 Rxa1 29. Nxa1 Qa2 30. Rc2 Rb4 1/2-1/2

[Event "CHN-chTB"]
[Site "Harbin"]
[Date "2016.07.12"]
[Round "3.1"]
[White "Gao, Hanxue"]
[Black "Nie, Xin"]
[Result "0-1"]
[WhiteElo "1757"]
[BlackElo "2078"]
[PlyCount "68"]
[EventDate "2016.07.11"]
[EventType "team-swiss"]
[EventRounds "11"]
[EventCountry "CHN"]
[SourceTitle "CBM 173 Extra"]
[Source "ChessBase"]
[SourceDate "2016.08.29"]
[SourceVersion "1"]
[SourceVersionDate "2016.08.29"]
[SourceQuality "1"]
[WhiteTeam "Qingdao Qingwei"]
[BlackTeam "Sichuan Airlines"]
[WhiteTeamCountry "CHN"]
[BlackTeamCountry "CHN"]

1. b3 d5 2. Nf3 Nf6 3. Bb2 e6 4. c4 c5 5. g3 Nc6 6. Bg2 d4 7. d3 e5 8. a3 Bd6 9. e4 0-0 10. 0-0 g6 11. Qe2 Nh5 12. Ne1 Qb6 13. Nd2 Bd7 14. Qd1 Na5 15. Rb1 Qc7 16. Bc1 Nc6 17. Rb2 Rab8 18. f3 a6 19. Nb1 b5 20. Rff2 Ne7 21. Bf1 Nc8 22. Bh6 Re8 23. Qc1 Nb6 24. Be2 Ng7 25. Bd1 f5 26. Bxg7 Kxg7 27. exf5 Bxf5 28. Nd2 Be7 29. Ne4 Rf8 30. Ng2 Nd7 31. Ne1 h6 32. h4 Qc8 33. Rh2 Rh8 34. Kh1 a5 0-1

[Event "CHN-chT"]
[Site "China"]
[Date "2014.12.06"]
[Round "19.4"]
[White "Sun, Fanghui"]
[Black "Gao, Hanxue"]
[Result "1-0"]
[WhiteElo "2117"]
[BlackElo "1797"]
[PlyCount "49"]
[EventDate "2014.04.12"]
[EventType "team-tourn"]
[EventRounds "22"]
[EventCountry "CHN"]
[SourceTitle "EXT 2016"]
[Source "ChessBase"]
[SourceDate "2015.10.08"]
[SourceVersion "1"]
[SourceVersionDate "2015.10.08"]
[SourceQuality "1"]
[WhiteTeam "Shandong"]
[BlackTeam "Qingdao Qingwei"]
[WhiteTeamCountry "CHN"]
[BlackTeamCountry "CHN"]

1. e4 c6 2. d4 d5 3. Nd2 dxe4 4. Nxe4 Bf5 5. Ng3 Bg6 6. h4 h6 7. Nf3 Nd7 8. Bd3 Bxd3 9. Qxd3 Qc7 10. Bd2 e6 11. Ne4 Ngf6 12. 0-0-0 0-0-0 13. g3 Nxe4 14. Qxe4 Nf6 15. Qe2 Bd6 16. c4 c5 17. Bc3 Qe7 18. Ne5 Rhf8 19. g4 cxd4 20. Bxd4 Qc7 21. Kb1 Qa5 22. f4 g5 23. hxg5 hxg5 24. Nxf7 Rxf7 25. Qxe6+ 1-0

[Event "CHN-chT"]
[Site "China"]
[Date "2014.11.16"]
[Round "18.4"]
[White "Gao, Hanxue"]
[Black "Lei, Tingjie"]
[Result "0-1"]
[WhiteElo "1797"]
[BlackElo "2442"]
[PlyCount "52"]
[EventDate "2014.04.12"]
[EventType "team-tourn"]
[EventRounds "22"]
[EventCountry "CHN"]
[SourceTitle "EXT 2016"]
[Source "ChessBase"]
[SourceDate "2015.10.08"]
[SourceVersion "1"]
[SourceVersionDate "2015.10.08"]
[SourceQuality "1"]
[WhiteTeam "Qingdao Qingwei"]
[BlackTeam "Qingdao Exp School"]
[WhiteTeamCountry "CHN"]
[BlackTeamCountry "CHN"]

1. d4 Nf6 2. c4 g6 3. Nc3 d5 4. cxd5 Nxd5 5. e4 Nxc3 6. bxc3 Bg7 7. Be3 c5 8. Bc4 Qa5 9. Ne2 0-0 10. 0-0 Nd7 11. Rb1 Nb6 12. Qb3 Nxc4 13. Qxc4 b6 14. Qb3 Ba6 15. Qc2 cxd4 16. cxd4 Rac8 17. Qb2 Bd3 18. Rbc1 Bxe4 19. Nc3 Bb7 20. Rfd1 Rc4 21. Qb5 Rfc8 22. Qxa5 bxa5 23. Nb5 Rxc1 24. Rxc1 Rxc1+ 25. Bxc1 a6 26. Na3 Bd5 0-1

[Event "CHN-chT"]
[Site "China"]
[Date "2014.11.15"]
[Round "17.3"]
[White "Guo, Qi"]
[Black "Gao, Hanxue"]
[Result "1-0"]
[WhiteElo "2452"]
[BlackElo "1797"]
[PlyCount "83"]
[EventDate "2014.04.12"]
[EventType "team-tourn"]
[EventRounds "22"]
[EventCountry "CHN"]
[SourceTitle "EXT 2015"]
[Source "ChessBase"]
[SourceDate "2014.11.20"]
[SourceVersion "1"]
[SourceVersionDate "2014.11.20"]
[SourceQuality "1"]
[WhiteTeam "Jiangsu"]
[BlackTeam "Qingdao Qingwei"]
[WhiteTeamCountry "CHN"]
[BlackTeamCountry "CHN"]

1. Nf3 Nf6 2. c4 g6 3. d4 Bg7 4. Nc3 d5 5. e3 0-0 6. Qb3 e6 7. Bd2 b6 8. cxd5 exd5 9. Be2 Bb7 10. 0-0 Qe7 11. Rfd1 Rd8 12. Rac1 Nbd7 13. Nb5 c5 14. dxc5 Nxc5 15. Qa3 Nfe4 16. Be1 a6 17. Nbd4 Qf6 18. b4 Ne6 19. Nxe6 Qxe6 20. Nd4 Qd7 21. h3 Nd6 22. Qb3 b5 23. Bg4 f5 24. Bf3 Nc4 25. Bc3 Qe7 26. Ne2 Rac8 27. Bxg7 Qxg7 28. Nf4 Qe5 29. Nd3 Qf6 30. Nc5 Ba8 31. Rd4 Rd6 32. Rcd1 Rcd8 33. a4 bxa4 34. Nxa4 Qf7 35. Nc3 Nb6 36. Qa2 Bb7 37. e4 fxe4 38. Nxe4 R6d7 39. Nc5 Re7 40. Nxb7 Rxb7 41. Qxa6 Ra8 42. Qxa8+ 1-0

[Event "CHN-chT"]
[Site "China"]
[Date "2014.09.11"]
[Round "13.1"]
[White "Wang, Jue"]
[Black "Gao, Hanxue"]
[Result "1-0"]
[WhiteElo "2371"]
[BlackElo "1797"]
[PlyCount "61"]
[EventDate "2014.04.12"]
[EventType "team-tourn"]
[EventRounds "22"]
[EventCountry "CHN"]
[SourceTitle "EXT 2015"]
[Source "ChessBase"]
[SourceDate "2014.11.20"]
[SourceVersion "1"]
[SourceVersionDate "2014.11.20"]
[SourceQuality "1"]
[WhiteTeam "Beijing"]
[BlackTeam "Qingdao Qingwei"]
[WhiteTeamCountry "CHN"]
[BlackTeamCountry "CHN"]

1. e4 c6 2. d4 d5 3. Nd2 dxe4 4. Nxe4 Bf5 5. Ng3 Bg6 6. h4 h6 7. Nf3 Nd7 8. h5 Bh7 9. Bd3 Bxd3 10. Qxd3 e6 11. Bf4 Qa5+ 12. Bd2 Qc7 13. 0-0-0 Ngf6 14. Ne4 0-0-0 15. g3 Nxe4 16. Qxe4 Bd6 17. Qe2 c5 18. dxc5 Nxc5 19. Rh4 Kb8 20. Rc4 Qe7 21. Ba5 Rc8 22. Rcd4 Bc7 23. Bb4 Bb6 24. Ne5 Rhd8 25. Rxd8 Rxd8 26. Rxd8+ Qxd8 27. Nxf7 Qf6 28. Ne5 Kc7 29. Bd2 Kd6 30. b4 Na6 31. Qd3+ 1-0

[Event "CHN-chT"]
[Site "China"]
[Date "2014.09.10"]
[Round "12.6"]
[White "Zhang, Xiaowen"]
[Black "Gao, Hanxue"]
[Result "1-0"]
[WhiteElo "2392"]
[BlackElo "1797"]
[PlyCount "49"]
[EventDate "2014.04.12"]
[EventType "team-tourn"]
[EventRounds "22"]
[EventCountry "CHN"]
[SourceTitle "EXT 2015"]
[Source "ChessBase"]
[SourceDate "2014.11.20"]
[SourceVersion "1"]
[SourceVersionDate "2014.11.20"]
[SourceQuality "1"]
[WhiteTeam "Shanghai"]
[BlackTeam "Qingdao Qingwei"]
[WhiteTeamCountry "CHN"]
[BlackTeamCountry "CHN"]

1. e4 c6 2. d4 d5 3. Nc3 dxe4 4. Nxe4 Bf5 5. Ng3 Bg6 6. h4 h6 7. Nf3 Nd7 8. h5 Bh7 9. Bd3 Bxd3 10. Qxd3 e6 11. Bd2 Qc7 12. Ne4 Ngf6 13. 0-0-0 0-0-0 14. g3 Nxe4 15. Qxe4 Nf6 16. Qe2 Bd6 17. c4 c5 18. Bc3 Qe7 19. Kb1 Rhg8 20. Rd3 Nd7 21. Rhd1 cxd4 22. Nxd4 Bb4 23. Bxb4 Qxb4 24. Nb5 Qc5 25. Qd2 1-0

[Event "CHN-chT"]
[Site "China"]
[Date "2014.06.05"]
[Round "7.4"]
[White "Wang, Xinyue"]
[Black "Gao, Hanxue"]
[Result "1-0"]
[WhiteElo "2121"]
[BlackElo "1797"]
[PlyCount "65"]
[EventDate "2014.04.12"]
[EventType "team-tourn"]
[EventRounds "22"]
[EventCountry "CHN"]
[SourceTitle "EXT 2015"]
[Source "ChessBase"]
[SourceDate "2014.11.20"]
[SourceVersion "1"]
[SourceVersionDate "2014.11.20"]
[SourceQuality "1"]
[WhiteTeam "Qingdao Exp School"]
[BlackTeam "Qingdao Qingwei"]
[WhiteTeamCountry "CHN"]
[BlackTeamCountry "CHN"]

1. d4 d5 2. c4 c6 3. Nc3 Nf6 4. e3 Bf5 5. cxd5 Nxd5 6. Nxd5 Qxd5 7. Ne2 e6 8. Bd2 Qd8 9. Bc3 Nd7 10. Nf4 Nf6 11. Bd3 Bxd3 12. Nxd3 Be7 13. 0-0 0-0 14. Bb4 Bxb4 15. Nxb4 Qe7 16. Nd3 Rfd8 17. Qb3 h6 18. a4 b6 19. Ne5 Qd6 20. a5 Qd5 21. Qxd5 cxd5 22. Nc6 Rd6 23. Rfc1 bxa5 24. Rxa5 a6 25. b4 Rd7 26. b5 Rb7 27. bxa6 Rb6 28. a7 Ne8 29. Kf1 Nd6 30. Rcc5 Nb7 31. Rab5 Rxc6 32. Rxb7 Rxc5 33. dxc5 1-0

[Event "CHN-chT"]
[Site "China"]
[Date "2014.06.03"]
[Round "5.5"]
[White "Munguntuul, Batkhuyag"]
[Black "Gao, Hanxue"]
[Result "1-0"]
[WhiteElo "2432"]
[BlackElo "1797"]
[PlyCount "61"]
[EventDate "2014.04.12"]
[EventType "team-tourn"]
[EventRounds "22"]
[EventCountry "CHN"]
[SourceTitle "EXT 2015"]
[Source "ChessBase"]
[SourceDate "2014.11.20"]
[SourceVersion "1"]
[SourceVersionDate "2014.11.20"]
[SourceQuality "1"]
[WhiteTeam "Guangdong"]
[BlackTeam "Qingdao Qingwei"]
[WhiteTeamCountry "CHN"]
[BlackTeamCountry "CHN"]

1. d4 d5 2. Nf3 Nf6 3. e3 e6 4. Bd3 c5 5. c3 Be7 6. Nbd2 0-0 7. 0-0 b6 8. Ne5 Bb7 9. Qf3 Qc7 10. Qh3 Nbd7 11. Ndf3 Ne4 12. Nxd7 Qxd7 13. Ne5 Qc7 14. f3 Ng5 15. Qh5 f5 16. e4 fxe4 17. fxe4 Rxf1+ 18. Bxf1 Nxe4 19. Qf7+ Kh8 20. Qxe6 Bf6 21. Nf7+ Kg8 22. Nd8+ Kf8 23. Qxf6+ Nxf6 24. Ne6+ Ke7 25. Nxc7 Rc8 26. Nb5 a6 27. Na3 cxd4 28. cxd4 b5 29. Bd2 Ne4 30. Bb4+ Ke6 31. Bd3 1-0

[Event "Asia-ch U12 Girls"]
[Site "Hikkaduwa"]
[Date "2012.06.27"]
[Round "4.3"]
[White "Sunyuktha, CMN"]
[Black "Gao, Hanxue"]
[Result "1-0"]
[WhiteElo "1601"]
[BlackElo "1852"]
[PlyCount "122"]
[EventDate "2012.06.26"]
[EventType "swiss"]
[EventRounds "9"]
[EventCountry "SRI"]
[SourceTitle "EXT 2024"]
[Source "ChessBase"]
[SourceDate "2023.10.10"]
[SourceVersion "1"]
[SourceVersionDate "2023.10.10"]
[SourceQuality "1"]

1. e4 c6 2. d4 d5 3. exd5 cxd5 4. Bd3 Nf6 5. c3 Nc6 6. Nf3 Bg4 7. 0-0 e6 8. Nbd2 Bd6 9. h3 Bh5 10. Qb3 Qc7 11. Re1 0-0 12. Qd1 Bf4 13. Be2 Bg6 14. Nb3 Ne4 15. Bd3 f5 16. Nc5 Rae8 17. Bb5 Re7 18. Bxf4 Qxf4 19. Nd3 Qc7 20. Bxc6 bxc6 21. Nfe5 Be8 22. f3 Ng3 23. Nc5 Qd6 24. Qd2 f4 25. Ned3 Bg6 26. Re5 Nh5 27. Rae1 Rf6 28. Nf2 Bf5 29. Ng4 Bxg4 30. hxg4 Ng3 31. g5 Rf8 32. Rxe6 Rxe6 33. Rxe6 Qd8 34. Re5 Qd6 35. Qe1 Qg6 36. Ne6 Rf7 37. Nxf4 Rxf4 38. Qxg3 Qb1+ 39. Kh2 Qc1 40. Qh3 Rf8 41. Qe6+ Kh8 42. Rf5 Rg8 43. Qe2 Qb1 44. Re5 Qg6 45. f4 Qf7 46. g3 Rf8 47. Qg4 Qb7 48. b3 Qa6 49. Qe2 Qc8 50. Re7 a5 51. Qe5 Rg8 52. f5 Qf8 53. Kg2 Qb8 54. f6 Qxe5 55. dxe5 gxf6 56. gxf6 Rf8 57. Rc7 Re8 58. f7 Rf8 59. e6 Kg7 60. e7 Kxf7 61. exf8Q+ Kxf8 1-0

[Event "Asia-ch U12 Girls"]
[Site "Hikkaduwa"]
[Date "2012.06.26"]
[Round "2.2"]
[White "Gao, Hanxue"]
[Black "Wickramasinghe, Dilhara Ishini"]
[Result "1-0"]
[WhiteElo "1852"]
[BlackElo "1616"]
[PlyCount "139"]
[EventDate "2012.06.26"]
[EventType "swiss"]
[EventRounds "9"]
[EventCountry "SRI"]
[SourceTitle "EXT 2024"]
[Source "ChessBase"]
[SourceDate "2023.10.10"]
[SourceVersion "1"]
[SourceVersionDate "2023.10.10"]
[SourceQuality "1"]

1. d4 Nf6 2. c4 g6 3. Nc3 Bg7 4. e4 d6 5. f3 0-0 6. Be3 e5 7. d5 c6 8. Nge2 cxd5 9. cxd5 Bd7 10. g4 Qa5 11. Ng3 Rc8 12. Qd2 Na6 13. Bxa6 Qxa6 14. h4 b5 15. h5 Rc7 16. hxg6 fxg6 17. Bh6 Bh8 18. Qg5 b4 19. Nce2 Rc2 20. Rh2 Bb5 21. Nh5 Nxh5 22. gxh5 Be8 23. hxg6 Bxg6 24. Rg2 Kf7 25. Qg4 Re8 26. Rc1 Rxc1+ 27. Nxc1 Qc8 28. Qh4 Bf6 29. Qh2 Qd7 30. Be3 Rc8 31. Rc2 Rc7 32. Nb3 Qc8 33. Rxc7+ Qxc7 34. Qf2 a5 35. Bb6 Qe7 36. Ke2 a4 37. Na5 a3 38. b3 Bh4 39. Qe3 Bg5 40. Qd3 h5 41. Nc6 Qb7 42. Bd8 Bf4 43. Bh4 Kg7 44. Nd8 Qb8 45. Qa6 Kh6 46. Qb7 Qxb7 47. Nxb7 Bg5 48. Bxg5+ Kxg5 49. Nxd6 h4 50. Kf2 Kf4 51. Nc4 Bh5 52. d6 Be8 53. Nb6 h3 54. d7 Bxd7 55. Nxd7 h2 56. Kg2 h1Q+ 57. Kxh1 Kxf3 58. Nc5 Ke3 59. Kg2 Kd2 60. Na6 Kc3 61. Kf3 Kb2 62. Nxb4 Kc3 63. Nc6 Kb2 64. Nxe5 Kxa2 65. Nc4 Kxb3 66. Nxa3 Kxa3 67. e5 Kb4 68. e6 Kc5 69. e7 Kd5 70. e8Q 1-0

[Event "Ho Chi Minh City HD Bank op 2nd"]
[Site "Ho Chi Minh City"]
[Date "2012.03.04"]
[Round "5"]
[White "Gao, Hanxue"]
[Black "Tran, Thanh Tu"]
[Result "0-1"]
[WhiteElo "1751"]
[BlackElo "2300"]
[PlyCount "48"]
[EventDate "2012.03.02"]
[EventType "swiss"]
[EventRounds "9"]
[EventCountry "VIE"]
[SourceTitle "CBM 147 Extra"]
[Source "ChessBase"]
[SourceDate "2012.04.24"]
[SourceVersion "1"]
[SourceVersionDate "2012.04.24"]
[SourceQuality "1"]

1. d4 Nf6 2. c4 e6 3. Nf3 b6 4. g3 Ba6 5. b3 Bb4+ 6. Bd2 Be7 7. Bg2 d5 8. Ne5 0-0 9. 0-0 c6 10. cxd5 cxd5 11. Re1 Ne4 12. Nc3 f6 13. Nf3 Nc6 14. Bh3 f5 15. a3 Na5 16. Ne5 Nxd2 17. Qxd2 Nxb3 18. Qd1 Nxa1 19. Qxa1 Rc8 20. e3 Qd6 21. a4 Bf6 22. f4 Bxe5 23. fxe5 Qb4 24. Ne2 Rc2 0-1